Premier League Appearances by Nationality: Finland - Statistics

General Stats
  • This quiz has been taken 11 times
  • The average score is 3 of 10
Answer Stats
Appearances Player % Correct
73 Teemu Pukki
100%
436 Jussi Jaaskelainen
70%
318 Sami Hyypia
70%
148 Jonatan Johansson
10%
126 Mikael Forssell
10%
88 Teemu Tainio
10%
32 Aki Riihilahti
0%
143 Antti Niemi
0%
54 Peter Enckelman
0%
50 Shefki Kuqi
0%
No matching quizzes found
Score Distribution
Percent of People with Each Score
Percentile by Number Answered
Your Score History
You have not taken this quiz